Biblioteca y Centro de Documentación

Derecho y discapacidad (Registro nro. 24961)

Detalles MARC
000 -CABECERA
Longitud fija campo de control 01859nam a2200469 c 4500
001 - NÚMERO DE CONTROL
Número de control 24961
003 - IDENTIFICADOR DE NÚMERO DE CONTROL
Identificador del número de control ES-MaCES
005 - FECHA Y HORA DE LA ÚLTIMA TRANSACCIÓN
Fecha y hora de la última transacción 20250225142545.0
008 - CAMPO FIJO DE DESCRIPCIÓN FIJA--INFORMACIÓN GENERAL
Códigos de información de longitud fija   130404s2012 sp d t o000 | spa d
017 ## - NÚMERO DE REGISTRO DE DERECHOS DE AUTOR Y DEPÓSITO LEGAL
Número de copyright o de depósito legal M 42263-2012
Agencia que asigna el número DL
020 ## - ISBN (INTERNATIONAL STANDARD BOOK NUMBER)
Número Internacional Normalizado para Libros (ISBN) 9788415305354
035 ## - NÚMERO DE CONTROL DEL SISTEMA
Número de control del sistema CES20130001854m
040 ## - FUENTE DE CATALOGACIÓN
Centro catalogador de origen ES-MaCES
Lengua de catalogación spa
Centro transcriptor ES-MaCES
245 00 - MENCIÓN DE TÍTULO
Título Derecho y discapacidad
Resto del título : in memoriam José Soto Garcia-Camacho
Mención de responsabilidad, etc. dir., Rafael de Lorenzo García ; coord., Gloria Álvarez Ramírez ; prólogo, Ángel Juanes Peces
250 ## - MENCIÓN DE EDICIÓN
Mención de edición 1ª ed
260 ## - PUBLICACIÓN, DISTRIBUCIÓN, ETC (PIE DE IMPRENTA)
Lugar de publicación, distribución, etc. Madrid
Nombre del editor, distribuidor, etc. Cinca
Fecha de publicación, distribución, etc. [2012]
300 ## - DESCRIPCIÓN FÍSICA
Extensión 381 p.
Dimensiones 21 cm
Material anejo 1 CD-ROM
490 1# - MENCIÓN DE SERIE
Mención de serie Cermi.es
Designación de volumen o secuencia 61
500 ## - NOTA GENERAL
Nota general Publ. simultáneamente en CD-ROM
500 ## - NOTA GENERAL
Nota general En la port.: Cermi, Comité Español de Representantes de Personas con Discapacidad y Fundación Derecho y Discapacidad
504 ## - NOTA DE BIBLIOGRAFÍA, ETC.
Nota de bibliografía, etc. Bibliografía
541 ## - NOTA DE LA FUENTE INMEDIANTE DE ADQUISICIÓN
Forma de adquisición Compra
600 14 - ASIENTO SECUNDARIO DE MATERIA--NOMBRE PERSONAL
Nombre de persona Soto García-Camacho, José
9 (RLIN) 24324
630 04 - ASIENTO SECUNDARIO DE MATERIA--TÍTULO UNIFORME
Título uniforme Convención Internacional sobre los Derechos de las Personas con Discapacidad
Fecha de la firma de un tratado 2006
9 (RLIN) 34512
650 #4 - ASIENTO SECUNDARIO DE MATERIA--TÉRMINO DE MATERIA
Término de materia o nombre geográfico como elemento inicial CD ROM
9 (RLIN) 30331
650 #4 - ASIENTO SECUNDARIO DE MATERIA--TÉRMINO DE MATERIA
Término de materia o nombre geográfico como elemento inicial régimen jurídico
9 (RLIN) 29894
650 #4 - ASIENTO SECUNDARIO DE MATERIA--TÉRMINO DE MATERIA
Término de materia o nombre geográfico como elemento inicial España
9 (RLIN) 26964
650 #4 - ASIENTO SECUNDARIO DE MATERIA--TÉRMINO DE MATERIA
Término de materia o nombre geográfico como elemento inicial integración de las personas con discapacidad
9 (RLIN) 29681
650 #4 - ASIENTO SECUNDARIO DE MATERIA--TÉRMINO DE MATERIA
Término de materia o nombre geográfico como elemento inicial discriminación contra personas con discapacidad
9 (RLIN) 29672
650 #4 - ASIENTO SECUNDARIO DE MATERIA--TÉRMINO DE MATERIA
Término de materia o nombre geográfico como elemento inicial derechos de las personas con discapacidad
9 (RLIN) 29698
650 #4 - ASIENTO SECUNDARIO DE MATERIA--TÉRMINO DE MATERIA
Término de materia o nombre geográfico como elemento inicial persona con discapacidad
9 (RLIN) 28689
653 10 - TÉRMINO DE INDEXACIÓN--NO CONTROLADO
Término no controlado Asuntos Sociales
700 1# - ENCABEZAMIENTO SECUNDARIO--NOMBRE PERSONAL
Nombre de persona Juanes Peces, Ángel
Término indicativo de función col.
9 (RLIN) 15568
700 1# - ENCABEZAMIENTO SECUNDARIO--NOMBRE PERSONAL
Nombre de persona Álvarez Ramírez, Gloria
Término indicativo de función dir.
9 (RLIN) 6159
700 1# - ENCABEZAMIENTO SECUNDARIO--NOMBRE PERSONAL
Nombre de persona Lorenzo García, Rafael de
Término indicativo de función dir.
9 (RLIN) 17042
710 2# - ENCABEZAMIENTO SECUNDARIO--NOMBRE CORPORATIVO
Nombre de entidad o nombre de jurisdicción como elemento inicial Comité Español de Representantes de Personas con Discapacidad
9 (RLIN) 2195
710 1# - ENCABEZAMIENTO SECUNDARIO--NOMBRE CORPORATIVO
Nombre de entidad o nombre de jurisdicción como elemento inicial Fundación Derecho y Discapacidad
9 (RLIN) 3803
830 #0 - ENCABEZAMIENTO SECUNDARIO DE COLECCIÓN--TÍTULO UNIFORME
Título uniforme Cermi.es
Designación de volumen o secuencia 61
9 (RLIN) 33993
902 ## - CES. TIPO DE DOCUMENTO
Tipodoc (006$c Sirtex) LIB Libro
942 ## - ELEMENTOS KOHA
Fuente de clasificaión o esquema Clasificación propia del CES
Koha [por defecto] tipo de item Monografías
Parte de clasificación 3.3.
Existencias
Número de registro Signatura completa Tipo de item de Koha
082928 SG-3.3.-876 Monografías
083026 SR-CD-1091 Monografías
© CES, Consejo Económico y Social de España 2021